000
00301nam a2200109 4500
999
_c
507314
_d
507314
082
_a
N2065x54 1988
100
_a
India. National Crime Records Bureau
_9
1396
245
_a
Crime in India, 1988
_c
by Ministry of Home Affairs
260
_a
New Delhi
_b
Government of India
300
_a
220p.
942
_2
ddc